000 02261nam a2200277Ia 4500
999 _c56560
_d56560
001 23674
003 GE_BSU
005 20210525142110.0
008 181216s2018||||ge |||||||||||||| ||geo||
040 _cGE_BSU
041 _ageo
080 _a63 მ-58
100 _aმესხი, ნიკოლოზ
_910732
245 _aსაქართველოში გავრცელებული მზომელების (Geometridae, Lepidoptera) სახეობრივი შემადგენლობის დაზუსტება და მავნეობის შემცირების ღონისძიებათა დამუშავება /
_cნიკოლოზ მესხი; სამეცნ. ხელმძღვ. რ. ჯაბნიძე., მ. ლობჟანიძე; ბათუმის შოთა რუსთაველის სახ. უნ-ტი
264 _aბათუმი,
_c2018.
300 _a153გვ. :
_bილ.,
_c30 სმ.
300 _eბიბლიოგრ. გვ. 129-145
653 _aაგრარული მეცნიერებები
653 _aმცენარეთა დაცვა
653 _aდისერტაცია
653 _aსაქართველოში გავრცელებული მზომელების (Geometridae, Lepidoptera) სახეობრივი შემადგენლობის დაზუსტება და მავნეობის შემცირების ღონისძიებათა დამუშავება
700 _aჯაბნიძე, რ.
_eსამეცნიერო ხელმძღვანელი
_91796
700 _aლობჟანიძე, მ.
_eსამეცნიერო ხელმძღვანელი
_910733
710 _aბათუმის შოთა რუსთაველის სახელმწიფო უნივერსიტეტი
_bექნოლოგიური ფაკულტეტი. აგროეკოლოგიისა და სატყეო საქმის დეპარტამენტი
_910734
942 _cBK
_2udc